|
|
|
|
| LEADER |
00000nam0a2200000 4500 |
| 001 |
370032 |
| 005 |
20231102012236.0 |
| 035 |
|
|
|a (RuTPU)RU\TPU\retro\27440
|
| 035 |
|
|
|a RU\TPU\book\41587
|
| 090 |
|
|
|a 370032
|
| 100 |
|
|
|a 20220616d1980 m y0rusy50 ca
|
| 101 |
1 |
|
|a eng
|c rus
|
| 102 |
|
|
|a RU
|
| 105 |
|
|
|a a j 001zy
|
| 200 |
1 |
|
|a Курс общей физики. Т. 1. Механика. Молекулярная физика
|d Fhysics. A general course. V. 1. Mechanica. Molecular physics
|e [учебник]
|f И. В. Савельев
|
| 210 |
|
|
|a Москва
|c Мир
|d 1980
|
| 215 |
|
|
|a 439 с.
|c ил.
|
| 300 |
|
|
|a На английском языке
|
| 320 |
|
|
|a Предм. указ.: с. 430-439
|
| 454 |
|
1 |
|0 (RuTPU)RU\TPU\book\41587
|t Т. 1: Механика. Молекулярная физика
|d 1977
|p 416 с.
|
| 510 |
1 |
|
|a Fhysics. A general course. V. 1. Mechanica. Molecular physics
|z eng
|
| 606 |
1 |
|
|a Физика
|2 stltpush
|3 (RuTPU)RU\TPU\subj\63709
|9 80688
|
| 606 |
1 |
|
|a Механика
|2 stltpush
|3 (RuTPU)RU\TPU\subj\67812
|9 83462
|
| 606 |
1 |
|
|a Молекулярная физика
|2 stltpush
|3 (RuTPU)RU\TPU\subj\44299
|9 63655
|
| 610 |
1 |
|
|a кинематика
|
| 610 |
1 |
|
|a динамика
|
| 610 |
1 |
|
|a законы сохранения
|
| 610 |
1 |
|
|a твердые тела
|
| 610 |
1 |
|
|a жидкости
|
| 610 |
1 |
|
|a специальная теория относительности
|
| 610 |
1 |
|
|a гравитация
|
| 610 |
1 |
|
|a термодинамика
|
| 610 |
1 |
|
|a явления переноса
|
| 610 |
1 |
|
|a реальные газы
|
| 610 |
1 |
|
|a учебные пособия
|
| 610 |
1 |
|
|a английский язык
|
| 675 |
|
|
|a 53(075.8)
|v 3
|
| 675 |
|
|
|a 531(075.8)
|v 3
|
| 675 |
|
|
|a 539.19(075.8)
|v 3
|
| 700 |
|
1 |
|a Савельев
|b И. В.
|g Игорь Владимирович
|
| 801 |
|
1 |
|a RU
|b 63413507
|c 20020517
|g PSBO
|
| 801 |
|
2 |
|a RU
|b 63413507
|c 20220616
|g PSBO
|
| 942 |
|
|
|c BK
|